| 000 | 00843cam a2200253 a 4500 | ||
|---|---|---|---|
| 999 |
_c25032 _d25032 |
||
| 001 | 1842820 | ||
| 003 | ARRUPE | ||
| 005 | 20190716123414.0 | ||
| 008 | 810724s1982 mdu b 001 0 eng | ||
| 010 | _a 81012419 | ||
| 020 | _a0801826551 | ||
| 020 | _a080182656X (pbk.) | ||
| 040 |
_aDLC _cDLC _dDLC |
||
| 050 | 0 | 0 |
_aH62 _b.E76 1982 |
| 082 | 0 | 0 |
_a174/.9301 _219 |
| 245 | 0 | 0 |
_aEthical issues in social science research / _cedited by Tom L. Beauchamp ... [et al.]. |
| 260 |
_aBaltimore : _bJohns Hopkins University Press, _cc1982. |
||
| 300 |
_axii, 436 p. ; _c24 cm. |
||
| 500 | _aIncludes index. | ||
| 504 | _aBibliography: p. 417-422. | ||
| 650 | 0 |
_aSocial sciences _xResearch _xMoral and ethical aspects. _947111 |
|
| 700 | 1 |
_aBeauchamp, Tom L. _947112 |
|
| 906 |
_a7 _bcbc _corignew _d1 _eocip _f19 _gy-gencatlg |
||
| 942 |
_2lcc _cMONOGRAPH |
||